| 000 | 00829nam a2200253 a 4500 | ||
|---|---|---|---|
| 999 |
_c3388 _d3388 |
||
| 005 | 20200521170856.0 | ||
| 008 | 200521b ||||| |||| 00| 0 spa d | ||
| 040 |
_aCO-BoIAVH _cCO-BoIAVH |
||
| 041 | _aeng | ||
| 082 | _a664.804 | ||
| 090 |
_aLB _b03154 |
||
| 110 |
_bCentre for the Promotion of Imports from Developing Countries, CBI _918289 |
||
| 245 |
_aDried fruit and edible nuts _ba survey of the Netherlands and other major markets in the European Union |
||
| 260 |
_aRotterdam _bCBI _c1999 |
||
| 300 | _a161 p. | ||
| 650 |
_aComercio internacional _9103105 |
||
| 650 |
_aFrutas secas _992306 |
||
| 650 |
_aNueces comestibles _992307 |
||
| 650 |
_aMercadeo _9103106 |
||
| 650 |
_aUnión Europea _94258 |
||
| 650 |
_aLegislación ambiental _9103107 |
||
| 650 |
_aCertificación ambiental _9103108 |
||
| 942 |
_cLIBRO _2ddc |
||